| 000 | 00470nam a2200193Ia 4500 | ||
|---|---|---|---|
| 008 | 220531s9999 xx 000 0 und d | ||
| 041 | _aeng | ||
| 082 | _bMAL | ||
| 100 |
_aMali S. R. _969053 |
||
| 245 | _aMarketing Management | ||
| 250 | _a1ST | ||
| 260 |
_aPune _bIDOL Publications _c2014 |
||
| 300 | _a8.22 | ||
| 542 | _d04-09-2014 | ||
| 551 |
_aCommerce _bNon-grant--C |
||
| 650 |
_aMarketing _969054 |
||
| 906 |
_d2014-2015 _f1036 |
||
| 999 |
_c38758 _d38758 |
||